চলচ্চিত্রলেখা : (Record no. 39470)
[ view plain ]
| 000 -LEADER | |
|---|---|
| fixed length control field | 01029nam a2200241 a 4500 |
| 001 - CONTROL NUMBER | |
| control field | 39470 |
| 003 - CONTROL NUMBER IDENTIFIER | |
| rucl marc code | BD-RjUL |
| 005 - DATE AND TIME OF LATEST TRANSACTION | |
| control field | 20211209053010.0 |
| 008 - FIXED-LENGTH DATA ELEMENTS--GENERAL INFORMATION | |
| fixed length control field | 160411s2013 bg a|||| |||| 00| 0 ben d |
| 020 ## - INTERNATIONAL STANDARD BOOK NUMBER | |
| International Standard Book Number | 9789849065913 |
| Terms of availability | : TK. 500.00 |
| 035 ## - SYSTEM CONTROL NUMBER | |
| System control number | (BD-RjUL)39583 |
| 040 ## - CATALOGING SOURCE | |
| Original cataloging agency | BD-RjUL |
| Language of cataloging | ben |
| Transcribing agency | BD-RjUL |
| 041 ## - LANGUAGE CODE | |
| Language code of text/sound track or separate title | ben |
| 082 ## - DEWEY DECIMAL CLASSIFICATION NUMBER | |
| Edition number | 23 |
| Classification number | 791.43095492 |
| Author mark and year | MAC 2013 |
| 100 ## - MAIN ENTRY--PERSONAL NAME | |
| Personal name | মাসুদ, তারেক |
| 9 (RLIN) | 119193 |
| 245 10 - TITLE STATEMENT | |
| Title | চলচ্চিত্রলেখা : |
| Remainder of title | চিত্রনাট্য ও গান / |
| Statement of responsibility, etc. | তারেক মাসুদ ; সম্পাদক ক্যাথরিন মাসুদ |
| 260 ## - PUBLICATION, DISTRIBUTION, ETC. (IMPRINT) | |
| Place of publication, distribution, etc. | ঢাকা : |
| Name of publisher, distributor, etc. | প্রথমা প্রকাশনা, |
| Date of publication, distribution, etc. | ২০১৩ |
| 300 ## - PHYSICAL DESCRIPTION | |
| Pagination | ৩১২ পৃ. : |
| Illustrations | চিত্র ; |
| Size | ২২ সেমি. |
| 650 ## - SUBJECT ADDED ENTRY--TOPICAL TERM | |
| Topical term or geographic name as entry element | চলচ্চিত্র |
| 9 (RLIN) | 121637 |
| Geographic subdivision | বাংলাদেশ |
| Topical term or geographic name as entry element | Motion Picture |
| 9 (RLIN) | 121638 |
| Geographic subdivision | Bangladesh |
| 700 ## - ADDED ENTRY--PERSONAL NAME | |
| Personal name | মাসুদ, ক্যাথরিন, সম্পাদক |
| 942 ## - ADDED ENTRY ELEMENTS (KOHA) | |
| Source of classification or shelving scheme | Dewey Decimal Classification |
| Koha item type | Books |
| Lost status | Source of classification or shelving scheme | Damaged status | Not for loan | Collection code | Permanent Location | Current Location | Shelving location | Date acquired | Source of acquisition | Cost, normal purchase price | Total Checkouts | Full call number | Date last seen | Copy number | Koha item type | Date checked out |
|---|---|---|---|---|---|---|---|---|---|---|---|---|---|---|---|---|
| Dewey Decimal Classification | Not For Loan | Non-fiction | Central Library, University of Rajshahi | Central Library, University of Rajshahi | Reading Room | 02/02/2014 | Prothoma Prokashon, Dhaka | 500.00 | B 791.43095492 MAC 2013 | 11/04/2016 | C-1 | Books | ||||
| Dewey Decimal Classification | Non-fiction | Central Library, University of Rajshahi | Central Library, University of Rajshahi | 02/02/2014 | Prothoma Prokashon, Dhaka | 500.00 | 1 | B 791.43095492 MAC 2013 | 11/07/2018 | C-2 | Books | 11/07/2018 | ||||
| Dewey Decimal Classification | Non-fiction | Central Library, University of Rajshahi | Central Library, University of Rajshahi | 02/02/2014 | Prothoma Prokashon, Dhaka | 500.00 | 5 | B 791.43095492 MAC 2013 | 23/04/2019 | C-3 | Books | 09/04/2019 |